| 000 | 00611nam a22001937a 4500 | ||
|---|---|---|---|
| 999 |
_c10721 _d10721 |
||
| 003 | AR-CdUCM | ||
| 008 | 190401b ||||| |||| 00| 0 spa d | ||
| 040 |
_aMUNICIPALIDAD PROVINCIAL DEL CUSCO _cBIBLIOTECA MUNICIPAL DEL CUSCO |
||
| 082 |
_aEP / 848 / _bG74 |
||
| 245 | _aCuentos populares de animales / | ||
| 260 |
_aBarcelona : _bEdit. Molino, _c1963. |
||
| 300 |
_a78 paginas ; _bIlustraciones, _c29 cm. |
||
| 505 | _aContenido :Cuentos Infantiles / | ||
| 650 |
_aLiteratura educacional primaria _927715 |
||
| 650 |
_aCuentos _9217 |
||
| 700 |
_aH.C.Granch _927711 |
||
| 942 |
_2ddc _cLIBROS |
||
| 945 | _arjall | ||